00283nam a2200133Ia 45000030006000000080041000060400015000471000020000622450025000822600009001073000006001165460010001220050017001320STCL150530s9999 xx 000 0 und d aSTCLcSTCL aBharatram Bhatt aEkta Ke Char Addhyay c2012 a0 aHindi20220125171258.0